000 00658cam a22001931 4500
001 rc 01002014
003 DLC
005 20260227111905.0
008 780214s1843 enk 000 0 eng
010 _arc 01002014
035 _a(OCoLC)3636048
040 _aDLC
_cArAO
_dOCoLC
_dDLC
050 0 0 _aF454
_b.O48
100 1 _aOliver, William,
_dactive 19th century.
245 1 0 _aEight months in Illinois;
_bwith information to emigrants.
_cBy William Oliver ...
260 _aNewcastle-upon-Tyne,
_bPrinted by W.A. Mitchell, and sold by E. & T. Bruce [etc.]
_c1843.
300 _a3 p. l., iv, 141, [1] p.
_c20 cm.
651 0 _aIllinois
_xDescription and travel.
999 _c52225
_d52225